[Event "Tournoi Skype 008"]
[Site "Skype"]
[Date "????.??.??"]
[Round "5.31"]
[White "Tamditi, Ibrahim"]
[Black "Rival, Jocelyn"]
[Result "1-0"]
[WhiteElo "1140"]
[BlackElo "1160"]
[PlyCount "109"]

1. e4 e5 2. Nf3 Nc6 3. Bb5 a6 4. Bxc6 dxc6 5. Nxe5 Qf6 6. Nf3 Bc5 7. d4 Bb4+ 8.
c3 Bd6 9. O-O b5 10. e5 Qe7 11. exd6 cxd6 12. Re1 Be6 13. Ng5 c5 14. Qf3 d5 15.
dxc5 Qxc5 16. Nxe6 fxe6 17. Rxe6+ Ne7 18. Bg5 Kd7 19. Rxe7+ Qxe7 20. Bxe7 Kxe7
21. Qxd5 Rad8 22. Qe5+ Kf7 23. Na3 Rhe8 24. Qf4+ Kg8 25. h4 Rf8 26. Qe5 h6 27.
Qe6+ Rf7 28. Qxa6 g5 29. Qxb5 gxh4 30. Qc4 Rd2 31. b4 Kg7 32. Qxh4 Rb2 33. Qg3+
Kf6 34. Nc4 Ke6 35. Re1+ Kd5 36. Qd3+ Kc6 37. Qd6+ Kb5 38. Na5 Rfxf2 39. Re5+
Ka4 40. Qxh6 Rxa2 41. Qc6+ Ka3 42. Nc4+ Kb3 43. Ra5 Kxc3 44. Ra3+ Kxb4 45. Rxa2
Rxa2 46. g4 Ra1+ 47. Kg2 Rc1 48. Qb7+ Kxc4 49. Qc8+ Kd4 50. Qxc1 Ke5 51. Qf1
Ke6 52. g5 Ke7 53. g6 Ke8 54. g7 Ke7 55. g8=Q 1-0

[Event "Tournoi Skype 008"]
[Site "Skype"]
[Date "????.??.??"]
[Round "5.33"]
[White "Gagnon, Sindy"]
[Black "Melin, Christiane"]
[Result "0-1"]
[WhiteElo "1093"]
[BlackElo "1190"]
[PlyCount "36"]

1. e4 e6 2. Nf3 Nc6 3. Bb5 a6 4. Ba4 b5 5. Bb3 Nf6 6. d3 Bc5 7. O-O O-O 8. Nbd2
Ng4 9. Qe2 d6 10. c4 Nd4 11. Qe1 d5 12. cxd5 a5 13. Bc2 Nxc2 14. Qe2 Nxa1 15.
Nh4 Qxh4 16. g3 Qh3 17. Re1 Qxh2+ 18. Kf1 Qh1# 0-1

[Event "Tournoi Skype 008"]
[Site "Skype"]
[Date "????.??.??"]
[Round "6.1"]
[White "Lambert, Pierre"]
[Black "Jacquelin, Norbert"]
[Result "0-1"]
[WhiteElo "1822"]
[BlackElo "1716"]
[PlyCount "142"]

1. e4 Nf6 2. e5 Nd5 3. d4 d6 4. c4 Nb6 5. exd6 cxd6 6. Nf3 g6 7. Be2 Bg7 8. Bd2
Bg4 9. Ba5 Nc6 10. Bc3 O-O 11. Nbd2 Rc8 12. O-O Qc7 13. Rc1 e5 14. d5 Ne7 15.
b3 Bh6 16. h3 Bxf3 17. Bxf3 f5 18. Rc2 Nd7 19. Re1 Bg7 20. Nf1 e4 21. Bxg7 Kxg7
22. Ng3 Nf6 23. Be2 b6 24. Qd2 Rce8 25. Qg5 Kh8 26. Bd1 Neg8 27. Qf4 Qe7 28.
Rce2 Nd7 29. f3 Nc5 30. Bc2 Qf6 31. fxe4 g5 32. Qd2 fxe4 33. Nxe4 Nxe4 34. Bxe4
Qg7 35. Bf3 Rxe2 36. Rxe2 Nh6 37. Re6 Nf5 38. Bg4 Ng3 39. Bf3 h5 40. b4 Qa1+
41. Re1 Qg7 42. Qe3 g4 43. hxg4 hxg4 44. Be2 Nf5 45. Qc1 g3 46. Qa1 Nd4 47. Bd3
Kg8 48. Qd1 Qg5 49. Re4 Rf4 50. Rxf4 Qxf4 51. Qe1 Qe5 52. Qxe5 dxe5 53. c5 bxc5
54. bxc5 Kf8 55. Be4 Ke7 56. c6 Kd6 57. Kf1 Nb5 58. Ke1 Nc3 59. a3 Nxe4 60. Ke2
Nc3+ 61. Kf3 Nxd5 62. Kxg3 Kxc6 63. Kg4 Kd6 64. Kf5 Ne3+ 65. Ke4 Nxg2 66. a4 a5
67. Kf3 Nh4+ 68. Ke3 Kd5 69. Ke2 Kd4 70. Kd2 Nf3+ 71. Kd1 Kd3 0-1

[Event "Tournoi Skype 008"]
[Site "Skype"]
[Date "????.??.??"]
[Round "6.2"]
[White "Auger, Bertrand"]
[Black "Hervais, Adrien"]
[Result "0-1"]
[WhiteElo "2027"]
[BlackElo "1992"]
[PlyCount "82"]

1. Nf3 d5 2. g3 Bf5 3. Bg2 Nf6 4. c4 c6 5. O-O e6 6. b3 Bd6 7. Bb2 O-O 8. d3
Nbd7 9. Nbd2 e5 10. cxd5 cxd5 11. e4 dxe4 12. dxe4 Bg4 13. Nc4 Bc7 14. Qc2 Rc8
15. Rac1 Re8 16. Qb1 h6 17. Rfd1 Bxf3 18. Bxf3 b5 19. Ne3 Bb6 20. Nf5 Rxc1 21.
Qxc1 Qc7 22. Qxc7 Bxc7 23. Rc1 Bb6 24. Nd6 Rd8 25. b4 a6 26. Nb7 Rb8 27. Nc5
Nxc5 28. bxc5 Bc7 29. Kf1 Rd8 30. Ke2 Kf8 31. Ke3 Ke8 32. Bd1 Ba5 33. Rb1 Bb4
34. Bxe5 Bxc5+ 35. Kf4 Rd2 36. Bxf6 Rxf2+ 37. Ke5 Rxf6 38. Rb2 Rd6 39. Bb3 Ke7
40. Rc2 Bd4+ 41. Kf4 Kd7 0-1

[Event "Tournoi Skype 008"]
[Site "Skype"]
[Date "????.??.??"]
[Round "6.3"]
[White "Harnandan, Sergio"]
[Black "Peignien, Laurent"]
[Result "1-0"]
[WhiteElo "1982"]
[BlackElo "1667"]
[PlyCount "53"]

1. d4 Nf6 2. Nc3 d5 3. e4 e6 4. e5 Nfd7 5. Bd3 c5 6. Be3 cxd4 7. Bxd4 Nc6 8.
Nf3 Nxd4 9. Nxd4 Nxe5 10. Bb5+ Bd7 11. Qh5 Bd6 12. Nxe6 Qf6 13. Bxd7+ Nxd7 14.
Ng5 Bb4 15. O-O Bxc3 16. bxc3 Qg6 17. Rfe1+ Kf8 18. Qg4 Nf6 19. Qb4+ Kg8 20.
Qxb7 Rf8 21. Nf3 h6 22. Re7 Qxc2 23. Ne5 Ne4 24. Rf1 Ng5 25. h4 Qe2 26. Nxf7
Rxf7 27. Qc8+ 1-0

[Event "Tournoi Skype 008"]
[Site "Skype"]
[Date "????.??.??"]
[Round "6.4"]
[White "Deville, Olivier"]
[Black "Bourdeau, Yvan"]
[Result "1-0"]
[WhiteElo "1899"]
[BlackElo "1607"]
[PlyCount "61"]

1. Nf3 d5 2. c4 Nf6 3. cxd5 Nxd5 4. d4 g6 5. e4 Nb6 6. h3 Bg7 7. Be2 c6 8. O-O
O-O 9. Nc3 e6 10. Be3 a5 11. Qd2 Na6 12. Rfd1 f5 13. Rac1 Bd7 14. a3 Be8 15.
Qc2 f4 16. Bd2 Qe7 17. Qb3 Nc8 18. Bc4 Bf7 19. Bxf4 b5 20. Nxb5 cxb5 21. Qxb5
Be8 22. Qg5 Qxg5 23. Bxe6+ Bf7 24. Nxg5 Bxe6 25. Nxe6 Rf7 26. Bg3 Ne7 27. Nxg7
Kxg7 28. Be5+ Kg8 29. d5 g5 30. d6 Nc8 31. d7 1-0

[Event "Tournoi Skype 008"]
[Site "Skype"]
[Date "????.??.??"]
[Round "6.5"]
[White "Dubois, Real"]
[Black "Catherine, Bertrand"]
[Result "0-1"]
[WhiteElo "1500"]
[BlackElo "1965"]
[PlyCount "78"]

1. d4 Nf6 2. e3 d5 3. Be2 c5 4. dxc5 e6 5. c3 Bxc5 6. Nf3 O-O 7. O-O Nc6 8.
Nbd2 e5 9. Nb3 Bb6 10. h3 Bc7 11. Nh2 Qd6 12. e4 Nxe4 13. f4 Bb6+ 14. Rf2 Bxf2+
15. Kf1 Bb6 16. fxe5 Qxe5 17. Nf3 Ng3+ 18. Ke1 Qxe2+ 19. Qxe2 Nxe2 20. Kxe2
Re8+ 21. Kf1 Bf5 22. Nbd4 Bd3+ 23. Kg1 Nxd4 24. cxd4 Be4 25. Kf2 Bxf3 26. Kxf3
Bxd4 27. Bf4 Bxb2 28. Rb1 Bc3 29. Rd1 d4 30. Kg3 Re2 31. a4 Rae8 32. a5 Ra2 33.
Rf1 d3 34. Rf3 Rd8 35. Bc7 Rd7 36. Re3 h6 37. Bf4 Re2 38. Kf3 Rxe3+ 39. Kxe3 d2
0-1

[Event "Tournoi Skype 008"]
[Site "Skype"]
[Date "????.??.??"]
[Round "6.6"]
[White "Plourde, Alain"]
[Black "Rajpurohit, Dinesh"]
[Result "1-0"]
[WhiteElo "1789"]
[BlackElo "1699"]
[PlyCount "85"]

1. d4 e5 2. dxe5 Qe7 3. Nf3 Nc6 4. Nc3 Nxe5 5. Nxe5 Qxe5 6. e3 Bb4 7. Qd4 Qxd4
8. exd4 Nf6 9. Be2 Ne4 10. Bd2 Nxd2 11. Kxd2 O-O 12. a3 Ba5 13. Rae1 d6 14. Bf3
Rb8 15. Re7 Be6 16. b4 Bb6 17. d5 Bf5 18. Be4 Bg6 19. Bxg6 fxg6 20. f3 Rf5 21.
Rhe1 Kf8 22. Rd7 Re8 23. Rxe8+ Kxe8 24. Rxg7 Rf7 25. Rxf7 Kxf7 26. Kd3 Kf6 27.
Ke4 c6 28. dxc6 bxc6 29. b5 d5+ 30. Kd3 cxb5 31. Nxd5+ Ke6 32. Nxb6 axb6 33.
Ke4 Kd6 34. Kd4 Kc6 35. h4 h6 36. g4 Kd6 37. f4 Ke6 38. c4 bxc4 39. Kxc4 Kd6
40. Kb5 Kc7 41. a4 Kb7 42. f5 gxf5 43. gxf5 1-0

[Event "Tournoi Skype 008"]
[Site "Skype"]
[Date "????.??.??"]
[Round "6.7"]
[White "Megelas, Florent"]
[Black "Legueltel, Daniel"]
[Result "1-0"]
[WhiteElo "1571"]
[BlackElo "1725"]
[PlyCount "85"]

1. e4 c5 2. Nf3 d6 3. d4 cxd4 4. Nxd4 Nf6 5. Nc3 g6 6. Bb5+ Bd7 7. O-O a6 8.
Bxd7+ Nbxd7 9. Nf3 Bg7 10. Re1 O-O 11. Rb1 Qa5 12. Be3 Ng4 13. Bd4 Nge5 14.
Nxe5 Nxe5 15. Nd5 e6 16. Nc3 Rfd8 17. f4 Nc6 18. Bxg7 Kxg7 19. a3 Rd7 20. Qg4
Rad8 21. Rbd1 Qb6+ 22. Kf1 Qxb2 23. Ne2 Qxa3 24. Ng3 Qc5 25. f5 Qe5 26. h4 Kh8
27. fxe6 Qxe6 28. Qf4 Ne5 29. Ne2 Kg7 30. Kg1 Qf6 31. Qg3 h5 32. Nf4 Ng4 33.
Nd5 Qe5 34. Nf4 Qc5+ 35. Kf1 Re8 36. Rd5 Qc4+ 37. Kg1 Re5 38. Nd3 Rxd5 39. exd5
Qxd5 40. Nf4 Qc5+ 41. Kf1 Qxc2 42. Re2 d5 43. Rxc2 1-0

[Event "Tournoi Skype 008"]
[Site "Skype"]
[Date "????.??.??"]
[Round "6.8"]
[White "Janssen, Gerard"]
[Black "Duthoit, Bernard"]
[Result "1-0"]
[WhiteElo "1548"]
[BlackElo "1619"]
[PlyCount "69"]

1. d4 Nf6 2. c4 d5 3. Nc3 g6 4. Nf3 Bg7 5. e3 e6 6. b3 b6 7. cxd5 exd5 8. Ba3
Nbd7 9. Bb5 a6 10. Bc6 Rb8 11. Nxd5 Nxd5 12. Bxd5 Bb7 13. Bxb7 Rxb7 14. O-O b5
15. Rc1 b4 16. Bb2 O-O 17. Qc2 Nb6 18. Qc6 Qc8 19. Rc2 Rd8 20. Rfc1 Rd7 21. Ne5
Bxe5 22. dxe5 Qd8 23. h3 Rb8 24. e6 fxe6 25. Qxe6+ Kf8 26. Bf6 Qe8 27. Qg4 Nd5
28. Bg5 Nc3 29. Bh6+ Kg8 30. a4 Rbd8 31. Qc4+ Qf7 32. Qxb4 Rd1+ 33. Rxd1 Rxd1+
34. Kh2 Nd5 35. Qb8+ 1-0

[Event "Tournoi Skype 008"]
[Site "Skype"]
[Date "????.??.??"]
[Round "6.10"]
[White "Mertz, Kathy"]
[Black "Murgia, Stefano"]
[Result "0-1"]
[WhiteElo "1499"]
[BlackElo "1719"]
[PlyCount "40"]

1. e4 e5 2. Nf3 Nc6 3. Bb5 Nd4 4. Nxd4 exd4 5. O-O h5 6. Re1 c6 7. Be2 d6 8.
Bxh5 Nf6 9. Bf3 Be6 10. e5 dxe5 11. Rxe5 Bd6 12. Rg5 Bxh2+ 13. Kf1 Bf4 14. g3
Bxg5 15. d3 Bxc1 16. Qxc1 Ng4 17. Kg2 Bd5 18. Bxd5 Qxd5+ 19. f3 Rh2+ 20. Kg1
Qxf3 0-1

[Event "Tournoi Skype 008"]
[Site "Skype"]
[Date "????.??.??"]
[Round "6.11"]
[White "De Leener, Luc"]
[Black "Briere, Jean"]
[Result "1-0"]
[WhiteElo "1704"]
[BlackElo "1499"]
[PlyCount "77"]

1. e4 e5 2. Nf3 Nc6 3. Bc4 Bc5 4. c3 Nf6 5. d4 exd4 6. cxd4 Bb4+ 7. Bd2 O-O 8.
e5 d5 9. exf6 dxc4 10. O-O Qxf6 11. Bxb4 Nxb4 12. Nc3 c6 13. Ne5 Be6 14. Ne4
Qe7 15. a3 Na6 16. Qe2 b5 17. Nxc6 Qd7 18. Ne5 Qxd4 19. Nf3 Qb6 20. Neg5 Rfe8
21. Qe4 g6 22. Qh4 h5 23. Nxe6 Rxe6 24. Rfe1 Rae8 25. Rxe6 Qxe6 26. h3 Nc7 27.
Re1 Qd6 28. Rxe8+ Nxe8 29. Qe4 Qd7 30. Ne5 Qe6 31. f4 a6 32. Qa8 Kg7 33. Qa7 g5
34. Qd4 Qf6 35. fxg5 Qxg5 36. Nxc4+ Nf6 37. Nd6 Qd5 38. Ne8+ Kg6 39. Qxf6+ 1-0

[Event "Tournoi Skype 008"]
[Site "Skype"]
[Date "????.??.??"]
[Round "6.12"]
[White "Tayyab, Sheikh"]
[Black "Nicole, Chantal"]
[Result "0-1"]
[WhiteElo "1499"]
[BlackElo "1626"]
[PlyCount "128"]

1. e4 e5 2. Nf3 Nf6 3. Nxe5 d6 4. Nc4 Nxe4 5. Qf3 Qe7 6. Qe3 d5 7. d4 dxc4 8.
Bxc4 Nd6 9. b3 Nxc4 10. bxc4 Qxe3+ 11. Bxe3 c6 12. O-O Be6 13. Nd2 Bb4 14. c5
Bxd2 15. Bxd2 Nd7 16. Rfe1 O-O-O 17. Ba5 b6 18. cxb6 axb6 19. Bb4 Nf6 20. c3
Nd5 21. Rab1 Nxb4 22. Rxb4 Kc7 23. Re2 Ra8 24. a4 Rhb8 25. h3 b5 26. d5 cxd5
27. axb5 Ra1+ 28. Kh2 Rc1 29. Ra2 Rxc3 30. Ra7+ Kb6 31. Ra6+ Kc5 32. Rb2 Rxb5
33. Re2 Rb6 34. Ra7 d4 35. Rc7+ Kb4 36. Re7 Bc4 37. Rb2+ Rb3 38. Rd2 Kc3 39.
Ra2 d3 40. Rd7 Rb2 41. Ra3+ Kc2 42. Rd4 R6b4 43. Ra8 d2 44. Rad8 Kc3 45. g4 Bb3
46. Rd3+ Kc4 47. R3d4+ Kc5 48. Rxd2 Rxd2 49. Rxd2 Rd4 50. Re2 Be6 51. Re3 Kd5
52. g5 Rh4 53. Ra3 Ke5 54. Kg2 Rh5 55. Rg3 Kf5 56. f3 Rxg5 57. Rxg5+ Kxg5 58.
Kg3 h5 59. h4+ Kf5 60. f4 f6 61. Kf3 g5 62. fxg5 fxg5 63. Kg3 g4 64. Kf2 Kf4
0-1

[Event "Tournoi Skype 008"]
[Site "Skype"]
[Date "????.??.??"]
[Round "6.14"]
[White "Vincent, Andre"]
[Black "Engstrom, Olle"]
[Result "0-1"]
[WhiteElo "1377"]
[BlackElo "1570"]
[PlyCount "76"]

1. d4 Nf6 2. c4 g6 3. Nc3 d5 4. e3 c6 5. Nf3 Bg7 6. Be2 O-O 7. O-O Nbd7 8. Qc2
dxc4 9. Bxc4 Nb6 10. Bb3 Nbd5 11. a3 Nxc3 12. Qxc3 Ne4 13. Qb4 a5 14. Qe1 a4
15. Bc2 Qd5 16. Bxe4 Qxe4 17. Ng5 Qd5 18. f4 h6 19. Nf3 Qb3 20. Qc3 Qxc3 21.
bxc3 Be6 22. Rb1 Bc4 23. Rf2 Rfb8 24. Nd2 Bd3 25. Rb6 Ra6 26. Rb2 c5 27. Nf3
cxd4 28. exd4 e6 29. Ne5 Bxe5 30. fxe5 Kg7 31. h4 Rc6 32. Bd2 b5 33. g4 Rh8 34.
Kg2 Be4+ 35. Kg3 Rb6 36. g5 h5 37. Rf4 Bd5 38. Rf6 Rc8 0-1

[Event "Tournoi Skype 008"]
[Site "Skype"]
[Date "????.??.??"]
[Round "6.15"]
[White "Belouin, Bruno"]
[Black "Fouquereau, Andre"]
[Result "1-0"]
[WhiteElo "1350"]
[BlackElo "1535"]
[PlyCount "47"]

1. e4 e5 2. c4 Nf6 3. d3 c6 4. Bd2 Be7 5. Nf3 d6 6. h3 O-O 7. Be2 Nbd7 8. O-O
Nc5 9. b4 Ne6 10. Nc3 Bd7 11. a4 Qc8 12. Qb1 Nf4 13. Bxf4 exf4 14. Rc1 Nh5 15.
b5 Bf6 16. d4 b6 17. e5 Bf5 18. Bd3 Bxd3 19. Qxd3 dxe5 20. dxe5 Be7 21. Ne4 Qe6
22. Neg5 Bxg5 23. Nxg5 Qxe5 24. Qxh7# 1-0

[Event "Tournoi Skype 008"]
[Site "Skype"]
[Date "????.??.??"]
[Round "6.16"]
[White "Malbec, Robert"]
[Black "L'Herbon De Lussats, Jean"]
[Result "0-1"]
[WhiteElo "1528"]
[BlackElo "1428"]
[PlyCount "80"]

1. e4 c5 2. Nf3 Nc6 3. d4 cxd4 4. Nxd4 e5 5. Nxc6 bxc6 6. Nd2 Nf6 7. Bd3 d5 8.
O-O Bc5 9. h3 O-O 10. b3 Re8 11. Qf3 Be6 12. Bb2 d4 13. Qg3 Bd6 14. Nf3 Bd7 15.
Bc1 Qc7 16. Ng5 c5 17. Bc4 Be6 18. Bd3 c4 19. Nxe6 fxe6 20. bxc4 Re7 21. Bg5
Rf7 22. Rab1 Raf8 23. Rb3 Rb8 24. Bxf6 Rxf6 25. Qg4 Qf7 26. Qe2 Rf8 27. f3 Rg6
28. Qf2 Qf4 29. Be2 h5 30. Rb7 Rf7 31. Rfb1 Be7 32. Kh1 Bh4 33. Qf1 Rff6 34. c5
Rg3 35. Rxa7 Rfg6 36. Rb8+ Kh7 37. Raa8 R6g5 38. Rh8+ Kg6 39. Rae8 Rxg2 40.
Rhf8 Qh2# 0-1

[Event "Tournoi Skype 008"]
[Site "Skype"]
[Date "????.??.??"]
[Round "6.17"]
[White "Sharma, Mayank"]
[Black "Raheja, Shiv"]
[Result "1-0"]
[WhiteElo "1699"]
[BlackElo "1499"]
[PlyCount "71"]

1. e4 c5 2. Nf3 e6 3. Nc3 Nc6 4. d4 cxd4 5. Nxd4 Ne5 6. f4 Ng6 7. Be3 e5 8. Nf5
exf4 9. Bf2 d6 10. Qd4 Nf6 11. O-O-O Ne5 12. Bb5+ Nc6 13. Qc4 Bd7 14. Nxd6+
Bxd6 15. Rxd6 Ne5 16. Qd4 Qe7 17. Bxd7+ Nexd7 18. Re1 O-O 19. Bh4 Rad8 20. e5
Nxe5 21. Rxd8 Nc6 22. Rxf8+ Qxf8 23. Qxf4 Nh5 24. Qg4 g6 25. Qg5 f6 26. Qd5+
Qf7 27. Qxf7+ Kxf7 28. Nd5 g5 29. Bf2 Kg6 30. Ne7+ Nxe7 31. Rxe7 Nf4 32. g3 Nh3
33. Be3 h5 34. Rxb7 Kf5 35. Kd2 Ke4 36. Ke2 1-0

[Event "Tournoi Skype 008"]
[Site "Skype"]
[Date "????.??.??"]
[Round "6.20"]
[White "Hague, Mark"]
[Black "Clayton, Estelita"]
[Result "1-0"]
[WhiteElo "1499"]
[BlackElo "1299"]
[PlyCount "71"]

1. d4 d5 2. c4 Nf6 3. cxd5 Nxd5 4. e4 Nf6 5. Nc3 a6 6. Bd3 c6 7. Nf3 e6 8. O-O
Be7 9. Qc2 O-O 10. e5 Nd5 11. Nxd5 exd5 12. Bxh7+ Kh8 13. Bd3 Bg4 14. Qd1 Bxf3
15. Qxf3 g6 16. Qh3+ Kg7 17. Qh6+ Kg8 18. f4 Re8 19. f5 Bf8 20. Qh3 gxf5 21.
Bxf5 Bg7 22. Qg4 f6 23. exf6 Qxf6 24. Be6+ Rxe6 25. Rxf6 Rxf6 26. Qc8+ Kh7 27.
Qxb7 Nd7 28. Qxa8 Nb6 29. Qxa6 Bh6 30. Bxh6 Rxh6 31. Qxb6 Rh4 32. Rf1 Kh6 33.
Qxc6+ Kg5 34. Qf6+ Kg4 35. Rf4+ Kh5 36. Rxh4# 1-0

[Event "Tournoi Skype 008"]
[Site "Skype"]
[Date "????.??.??"]
[Round "6.21"]
[White "Coruble, Didier"]
[Black "Khatanhar, Mohit"]
[Result "1-0"]
[WhiteElo "1429"]
[BlackElo "1499"]
[PlyCount "61"]

1. Nf3 Nc6 2. d4 d5 3. Bf4 g6 4. h3 Nf6 5. e3 Bg7 6. Nc3 e6 7. Bb5 Bd7 8. O-O
O-O 9. a3 Nh5 10. Bh2 Ne7 11. Be2 Nf6 12. Ne5 Ne4 13. Nxe4 dxe4 14. Nxd7 Qxd7
15. c4 c6 16. c5 b6 17. b4 Nd5 18. Rc1 Nf6 19. f3 Rae8 20. Bd6 Nd5 21. Bxf8
Nxe3 22. Qe1 Nxf1 23. Bxg7 Kxg7 24. Qxf1 exf3 25. Qxf3 Qxd4+ 26. Kh1 Kg8 27.
cxb6 axb6 28. Rxc6 b5 29. Rc7 Rd8 30. Qxf7+ Kh8 31. Qxh7# 1-0

[Event "Tournoi Skype 008"]
[Site "Skype"]
[Date "????.??.??"]
[Round "6.22"]
[White "Philibert, Andre"]
[Black "Ramirez, Rodrigo"]
[Result "0-1"]
[WhiteElo "1299"]
[BlackElo "1499"]
[PlyCount "100"]

1. e4 a6 2. Nf3 d6 3. h3 c5 4. c4 Nc6 5. d4 b6 6. Be2 h6 7. O-O e5 8. dxe5 Bb7
9. Nc3 Qd7 10. Re1 O-O-O 11. Nd5 Qe6 12. b3 dxe5 13. Nxb6+ Kb8 14. Nd5 Nd4 15.
Bb2 Nxf3+ 16. Bxf3 Nf6 17. Qd2 Be7 18. Rad1 Rd7 19. Qa5 Rhd8 20. Ba3 g5 21. g3
h5 22. b4 Qxh3 23. bxc5 h4 24. Bg2 Qe6 25. gxh4 gxh4 26. Kf1 h3 27. c6 hxg2+
28. Kxg2 Rg8+ 29. Kf1 Qh3+ 30. Ke2 Qg4+ 31. Ke3 Qxe4+ 32. Kd2 Qd4+ 33. Ke2
Qxc4+ 34. Kf3 Qg4+ 35. Ke3 Nxd5+ 36. Rxd5 Bg5+ 37. Kd3 Qf3+ 38. Kc4 Qf4+ 39.
Kb3 Qf3+ 40. Kb2 Qxf2+ 41. Ka1 Rxd5 42. c7+ Kc8 43. Qc3 Re8 44. Rb1 Rb5 45. Bb4
Bf6 46. Qc4 e4+ 47. Bc3 Bxc3+ 48. Qxc3 Ree5 49. Rh1 Re8 50. Qc4 Qb2# 0-1

[Event "Tournoi Skype 008"]
[Site "Skype"]
[Date "????.??.??"]
[Round "6.23"]
[White "Martin, Elise"]
[Black "Trivedi, Viral"]
[Result "0-1"]
[WhiteElo "1234"]
[BlackElo "1499"]
[PlyCount "54"]

1. d4 e5 2. c3 exd4 3. cxd4 d5 4. Nc3 Nf6 5. Nf3 Qe7 6. Qa4+ Bd7 7. Qc2 c5 8.
e3 Nc6 9. Bd3 cxd4 10. O-O dxc3 11. Qxc3 Bg4 12. Be2 Ne4 13. Qe1 Nb4 14. Bd2
Nc2 15. Qc1 Nxa1 16. Qxa1 Bxf3 17. Bxf3 Nxd2 18. Rd1 Nxf3+ 19. gxf3 Qg5+ 20.
Kf1 Bd6 21. Qc1 Qh5 22. Qd2 Qxf3 23. b4 O-O 24. a3 Rae8 25. Re1 Re6 26. h4 Rh6
27. Rc1 Rxh4 0-1

[Event "Tournoi Skype 008"]
[Site "Skype"]
[Date "????.??.??"]
[Round "6.24"]
[White "Capdeville, Jean"]
[Black "Tamditi, Ibrahim"]
[Result "0-1"]
[WhiteElo "1494"]
[BlackElo "1140"]
[PlyCount "100"]

1. e4 d6 2. Nc3 e5 3. h3 g6 4. Nf3 Bg7 5. Bb5+ Bd7 6. Bxd7+ Nxd7 7. O-O Ne7 8.
d3 O-O 9. Be3 c6 10. a3 a5 11. b4 axb4 12. axb4 Rxa1 13. Qxa1 b5 14. Qa7 Nc8
15. Qa6 Qc7 16. Qa5 Ncb6 17. Bxb6 Nxb6 18. Ra1 Ra8 19. Qxa8+ Nxa8 20. Rxa8+ Bf8
21. g4 Qb7 22. Ra1 h6 23. h4 Be7 24. g5 h5 25. Kg2 c5 26. Rb1 c4 27. Nd5 Kf8
28. Nxe7 Kxe7 29. Nd2 d5 30. f3 Qc6 31. Ra1 cxd3 32. cxd3 Qc2 33. Ra7+ Kf8 34.
Kg3 Qxd2 35. exd5 Qf4+ 36. Kf2 Qd4+ 37. Kg3 Qxa7 38. f4 Qg1+ 39. Kf3 Qg4+ 40.
Kf2 Qxf4+ 41. Ke2 Qg4+ 42. Ke3 Qxh4 43. d6 Qd4+ 44. Kd2 Qxd6 45. Ke3 Qxb4 46.
d4 exd4+ 47. Kd3 Qc3+ 48. Ke4 d3 49. Ke3 d2+ 50. Ke2 Qc2 0-1

[Event "Tournoi Skype 008"]
[Site "Skype"]
[Date "????.??.??"]
[Round "6.25"]
[White "Picard, Mario"]
[Black "Loyarte, Frederic"]
[Result "0-1"]
[WhiteElo "1270"]
[BlackElo "1487"]
[PlyCount "60"]

1. d4 Nf6 2. c4 d6 3. Nf3 g6 4. Nc3 Bg7 5. e4 O-O 6. Bd3 Bg4 7. h3 Bxf3 8. Qxf3
Nbd7 9. O-O e5 10. Be3 exd4 11. Bxd4 c5 12. Bxf6 Qxf6 13. Qxf6 Bxf6 14. Rfe1
Ne5 15. Be2 Rfe8 16. Nd5 Bd8 17. Nc7 Bxc7 18. a3 Ba5 19. Reb1 Nc6 20. b4 cxb4
21. axb4 Bxb4 22. Bd3 Ne5 23. Rxb4 Nxd3 24. Rxb7 Rxe4 25. Rbxa7 Rxa7 26. Rxa7
Rxc4 27. Rd7 Rd4 28. Kf1 Nf4 29. Rd8+ Kg7 30. Rd7 Rd1# 0-1

[Event "Tournoi Skype 008"]
[Site "Skype"]
[Date "????.??.??"]
[Round "6.26"]
[White "Talbot, Jacques"]
[Black "Porcabeuf, Jean-Marc"]
[Result "0-1"]
[WhiteElo "1462"]
[BlackElo "1259"]
[PlyCount "68"]

1. e4 e6 2. d4 d5 3. e5 c5 4. Nf3 Nc6 5. c3 a6 6. Bd3 Nge7 7. Bg5 h6 8. Bh4 Qc7
9. O-O Ng6 10. Bxg6 fxg6 11. Qc2 g5 12. Bg3 Be7 13. Qg6+ Kf8 14. Nbd2 Bd8 15.
Nb3 Ne7 16. Qc2 b6 17. dxc5 bxc5 18. Rfe1 Nf5 19. Rad1 c4 20. Nbd4 Nxg3 21.
hxg3 Qf7 22. Nc6 Bb6 23. Nfd4 Bd7 24. b3 Bxc6 25. Nxc6 Kg8 26. bxc4 Rf8 27. Re2
dxc4 28. Red2 h5 29. Kh2 h4 30. Rd7 hxg3+ 31. Kg1 gxf2+ 32. Kf1 Rh1+ 33. Ke2
Qh5+ 34. Kd2 f1=Q 0-1

[Event "Tournoi Skype 008"]
[Site "Skype"]
[Date "????.??.??"]
[Round "6.28"]
[White "Dhenain, Sebastien"]
[Black "Baker, Abi"]
[Result "1-0"]
[WhiteElo "1290"]
[BlackElo "1000"]
[PlyCount "63"]

1. e4 e6 2. d4 d5 3. exd5 Qxd5 4. Nf3 Bb4+ 5. Bd2 Nc6 6. Bxb4 Nxb4 7. a3 Nc6 8.
c3 Bd7 9. Qe2 O-O-O 10. Qc4 Qe4+ 11. Qe2 Qh4 12. Nxh4 f5 13. Nf3 Nf6 14. Ng5
Rdf8 15. g3 h6 16. Nf3 g5 17. Ne5 Nxe5 18. dxe5 Bc6 19. Rg1 Ng4 20. Bg2 Bd5 21.
Bxd5 exd5 22. Kf1 Nxh2+ 23. Kg2 Ng4 24. f3 Nxe5 25. Qxe5 f4 26. gxf4 gxf4 27.
Qe6+ Kd8 28. Qxd5+ Ke7 29. Re1+ Kf6 30. Re6+ Kf7 31. Qd7+ Kg8 32. Rg6# 1-0

[Event "Tournoi Skype 008"]
[Site "Skype"]
[Date "????.??.??"]
[Round "6.32"]
[White "Rival, Jocelyn"]
[Black "Coude, Josue"]
[Result "1-0"]
[WhiteElo "1160"]
[BlackElo "1242"]
[PlyCount "67"]

1. e4 e5 2. Nf3 Nc6 3. Bb5 a6 4. Bxc6 dxc6 5. O-O Nf6 6. d4 exd4 7. Qxd4 Qxd4
8. Nxd4 Nxe4 9. Nc3 Nxc3 10. bxc3 Bc5 11. Re1+ Be7 12. Bf4 c5 13. Nb3 c6 14.
Re5 c4 15. Na5 Be6 16. Nxb7 Rb8 17. Nc5 Rb5 18. Nxa6 Rb6 19. Nc7+ Kd8 20. Na8
Rb8 21. Ra5 Rb5 22. Bc7+ Ke8 23. Ra7 Rg5 24. g3 Bc5 25. Bf4 Rf5 26. Rb7 h6 27.
Nc7+ Kd8 28. Na6 g5 29. Bc7+ Kc8 30. Rb8+ Kd7 31. Rxh8 Rxf2 32. Rd1+ Ke7 33.
Nxc5 Rxc2 34. Bd8# 1-0

[Event "Tournoi Skype 008"]
[Site "Skype"]
[Date "????.??.??"]
[Round "7.1"]
[White "Hervais, Adrien"]
[Black "Jacquelin, Norbert"]
[Result "1-0"]
[WhiteElo "1992"]
[BlackElo "1716"]
[PlyCount "47"]

1. e4 e5 2. Nc3 Nc6 3. f4 exf4 4. Nf3 Nf6 5. d4 Nh5 6. Bc4 Be7 7. O-O O-O 8.
Nd5 Na5 9. Bd3 Nc6 10. c3 g5 11. Nxg5 Ng7 12. Nh3 d6 13. Nhxf4 Bg5 14. Nh5 Ne8
15. e5 f5 16. exf6 Bxc1 17. Qxc1 Rf7 18. Qg5+ Kh8 19. Ne7 Nxf6 20. Nxc6 Qf8 21.
Nxf6 bxc6 22. Rae1 Bh3 23. Nh5 Bd7 24. Rxf7 1-0

[Event "Tournoi Skype 008"]
[Site "Skype"]
[Date "????.??.??"]
[Round "7.2"]
[White "Deville, Olivier"]
[Black "Harnandan, Sergio"]
[Result "1-0"]
[WhiteElo "1899"]
[BlackElo "1982"]
[PlyCount "49"]

1. Nf3 d5 2. c4 d4 3. b4 Bg4 4. Qb3 Nd7 5. Nxd4 e5 6. Nc2 c5 7. a3 Ngf6 8. Ne3
Be6 9. Nc3 Bd6 10. g3 O-O 11. Bg2 Rb8 12. O-O Ng4 13. Ned5 f5 14. f4 g5 15. e3
h5 16. Nb5 Nb6 17. h3 gxf4 18. hxg4 fxg3 19. g5 Qxg5 20. Nxd6 Qh4 21. Rf3 Qh2+
22. Kf1 f4 23. Qd3 Bh3 24. Qg6+ Kh8 25. Qxh5+ 1-0

[Event "Tournoi Skype 008"]
[Site "Skype"]
[Date "????.??.??"]
[Round "7.4"]
[White "Lambert, Pierre"]
[Black "Megelas, Florent"]
[Result "1-0"]
[WhiteElo "1822"]
[BlackElo "1571"]
[PlyCount "33"]

1. e4 e5 2. Nf3 Nc6 3. d4 exd4 4. Nxd4 Bc5 5. Be3 Nxd4 6. Bxd4 Bxd4 7. Qxd4 Qg5
8. Nc3 Ne7 9. h4 Nc6 10. Qxd7+ Bxd7 11. hxg5 O-O-O 12. O-O-O a6 13. Bc4 Ne5 14.
Be2 Ng4 15. Rxd7 Nxf2 16. Rxd8+ Kxd8 17. Rf1 1-0

[Event "Tournoi Skype 008"]
[Site "Skype"]
[Date "????.??.??"]
[Round "7.5"]
[White "Ayotte, Jocelyn"]
[Black "Janssen, Gerard"]
[Result "1-0"]
[WhiteElo "2110"]
[BlackElo "1548"]
[PlyCount "62"]

1. d4 d5 2. Nf3 e6 3. c4 Nf6 4. Bg5 Be7 5. Nc3 c6 6. e3 O-O 7. Bd3 Nbd7 8. O-O
h6 9. Bh4 dxc4 10. Bxc4 Nd5 11. Bg3 f5 12. h3 N7f6 13. Ne5 Bd6 14. Qd3 a5 15.
a4 Qc7 16. f3 Nh5 17. Bh2 f4 18. Ng6 Rf6 19. Ne4 Nxe3 20. Nxf6+ Nxf6 21. Rfe1
Nfd5 22. Bxd5 exd5 23. Bxf4 Bxf4 24. Nxf4 Qxf4 25. Qxe3 Qxe3+ 26. Rxe3 Bf5 27.
Re7 Rb8 28. Rae1 b5 29. R1e5 Bd3 30. axb5 Rxb5 31. R5e6 Rxb2 1-0